[Event "ROM-ch U10 Girls"]
[Site "Calimanesti Caciulata"]
[Date "2019.04.20"]
[Round "7.11"]
[White "Moraru, Ana Alina"]
[Black "Criveanu, Ilinca"]
[Result "0-1"]
[WhiteElo "1061"]
[BlackElo "1117"]
[PlyCount "130"]
[EventDate "2019.04.15"]
[EventType "swiss"]
[EventRounds "9"]
[EventCountry "ROU"]
[SourceTitle "EXT 2024"]
[Source "ChessBase"]
[SourceDate "2023.10.10"]
[SourceVersion "1"]
[SourceVersionDate "2023.10.10"]
[SourceQuality "1"]

1. e4 e5 2. Nf3 Nc6 3. Bc4 Bc5 4. c3 Nf6 5. d3 a6 6. 0-0 Ba7 7. Re1 0-0 8. b3 d6 9. d4 Qe7 10. Bb2 Bd7 11. Nbd2 Rfe8 12. Qc2 Bg4 13. Ng5 Rf8 14. h3 Bh5 15. Ngf3 Rad8 16. Rad1 Qd7 17. Be2 h6 18. Nh2 Bg6 19. d5 Nxd5 20. Kh1 Nf4 21. Bc4 Qe7 22. Ndf3 Qf6 23. Ng4 Qe7 24. h4 h5 25. Ngh2 Qf6 26. Rg1 Bh7 27. g4 Nh3 28. Rg3 Nxf2+ 29. Kg2 Nxd1 30. Qxd1 Bxe4 31. Kh3 Ne7 32. gxh5 Qf5+ 33. Ng4 Bf2 34. Kg2 Bxg3 35. Kxg3 Qxf3+ 36. Qxf3 Bxf3 37. Kxf3 g6 38. hxg6 Nxg6 39. Nf6+ Kg7 40. Nh5+ Kh6 41. Nf6 Nxh4+ 42. Kg4 Kg6 43. Bc1 Kxf6 44. Bg5+ Kg6 45. Bxd8 Rxd8 46. Kxh4 Kf5 47. Kg3 Rg8+ 48. Kf3 Rg4 49. Kf2 Rh4 50. Bxf7 Re4 51. Kg3 Re1 52. Kf3 Rc1 53. c4 Rc3+ 54. Ke2 Ke4 55. Bg6+ Kd4 56. Bf7 e4 57. Kd2 Rf3 58. Ke2 Rxf7 59. Kd2 Rf2+ 60. Kd1 Rxa2 61. Ke1 Kd3 62. Kf1 Ke3 63. Kg1 Kf3 64. Kh1 Kg3 65. Kg1 Ra1# 0-1

[Event "ROM-ch U10 Girls"]
[Site "Calimanesti Caciulata"]
[Date "2019.04.16"]
[Round "2.13"]
[White "Criveanu, Ilinca"]
[Black "Ionescu, Bianca Andreea"]
[Result "1-0"]
[WhiteElo "1117"]
[BlackElo "1001"]
[PlyCount "95"]
[EventDate "2019.04.15"]
[EventType "swiss"]
[EventRounds "9"]
[EventCountry "ROU"]
[SourceTitle "EXT 2024"]
[Source "ChessBase"]
[SourceDate "2023.10.10"]
[SourceVersion "1"]
[SourceVersionDate "2023.10.10"]
[SourceQuality "1"]

1. e4 b6 2. Nf3 Nc6 3. Bc4 Bb7 4. d3 g6 5. Bf4 Bg7 6. Nc3 e6 7. Qe2 Qe7 8. a3 Rc8 9. b4 Bxc3+ 10. Bd2 Bxa1 11. c3 Bb2 12. 0-0 Bxa3 13. Ra1 Bb2 14. Ra2 f5 15. Rxb2 Ra8 16. Bg5 Qg7 17. Rc2 a5 18. b5 Ne5 19. Nxe5 Qxe5 20. f3 c6 21. Qe3 h6 22. Bf4 Qf6 23. Qxb6 e5 24. Qxb7 Qd8 25. Be3 f4 26. Bf2 a4 27. bxc6 Nf6 28. Rc1 a3 29. Ra1 Qa5 30. Be1 Rh7 31. c7 Qc5+ 32. Kh1 Qa7 33. c8Q+ Rxc8 34. Qxa7 d6 35. Qxa3 Rb7 36. Qa4+ Nd7 37. Be6 g5 38. Bxd7+ Rxd7 39. Rb1 Rcd8 40. Rb7 h5 41. Rxd7 Rxd7 42. g4 hxg4 43. fxg4 Ke7 44. h4 gxh4 45. Bxh4+ Ke6 46. Qc4+ d5 47. exd5+ Kd6 48. Qc6# 1-0

[Event "ROM-ch U10 Girls"]
[Site "Calimanesti Caciulata"]
[Date "2019.04.15"]
[Round "1.1"]
[White "Stefan, Iulia Cristiana"]
[Black "Criveanu, Ilinca"]
[Result "1-0"]
[WhiteElo "1359"]
[BlackElo "1117"]
[PlyCount "81"]
[EventDate "2019.04.15"]
[EventType "swiss"]
[EventRounds "9"]
[EventCountry "ROU"]
[SourceTitle "EXT 2024"]
[Source "ChessBase"]
[SourceDate "2023.10.10"]
[SourceVersion "1"]
[SourceVersionDate "2023.10.10"]
[SourceQuality "1"]

1. e4 e5 2. Nf3 Nc6 3. Bb5 a6 4. Ba4 Nf6 5. d3 b5 6. Bb3 Na5 7. Nxe5 Nxb3 8. axb3 Qe7 9. Nf3 d5 10. 0-0 c6 11. exd5 cxd5 12. Nc3 g6 13. Re1 Be6 14. Bg5 Bg7 15. Nxd5 Qd8 16. Nxf6+ Bxf6 17. Qd2 0-0 18. Bxf6 Qxf6 19. Rab1 Bg4 20. Ne5 Rfe8 21. Nxg4 Rxe1+ 22. Qxe1 Qg7 23. c3 Rd8 24. d4 h5 25. Qe7 Rf8 26. Nf6+ Kh8 27. Ra1 Ra8 28. Rxa6 Rc8 29. h3 b4 30. Rd6 Rf8 31. Rd8 Qxf6 32. Qxf6+ Kg8 33. Rxf8+ Kxf8 34. cxb4 Ke8 35. Qc6+ Ke7 36. b5 h4 37. b6 g5 38. b7 g4 39. b8R g3 40. Rb7+ Kd8 41. Qd7# 1-0